| 000 | 00489nam a2200181Ia 4500 | ||
|---|---|---|---|
| 999 |
_c30206 _d30206 |
||
| 003 | OSt | ||
| 005 | 20201214101145.0 | ||
| 008 | 190216s9999||||xx |||||||||||||| ||und|| | ||
| 040 | _coclc | ||
| 082 |
_bGAN/G _a920 |
||
| 100 |
_aGangadharan, M _92076 |
||
| 245 | 0 |
_aGandhi Oranweshnam Part. 2 / _cM Gangadharan |
|
| 250 | _aFIRST | ||
| 260 |
_bD C Books, _c2017. _aKottayam: |
||
| 300 | _a278p | ||
| 650 | _aMalayalam | ||
| 942 |
_cBK _2ddc _iGAN/G _mGAN/G _h920 _n920 |
||